| 000 | 00531cam a22001572i 4500 | ||
|---|---|---|---|
| 082 |
_a824 _bCLE |
||
| 100 | 1 |
_aClemenceau, Georges, _950490 |
|
| 245 | 1 | 0 |
_aIn the evening of my thought / _cby Georges Clemenceau ; translated by Charles Miner Thompson and John Heard, jr. |
| 260 |
_aLondon : _bConstable & Co., _c1929. |
||
| 300 |
_a2 v. ill. (port.) ; _c25 cm. |
||
| 526 |
_a0 _b0 _c0 _d824_000000000000000_CLE |
||
| 650 |
_aMCE _9379 |
||
| 700 | 1 |
_aHeard, John, _950491 |
|
| 700 | 1 |
_aThompson, Charles Miner, _950492 |
|
| 942 |
_2ddc _cBK |
||
| 999 |
_c553433 _d553433 |
||